[Event "NRW-Liga I 9596"]
[Site "Germany"]
[Date "1996.??.??"]
[Round "?"]
[White "Bokelbrink, Uwe"]
[Black "Van Mil, Johannes A J"]
[Result "0-1"]
[WhiteElo "2275"]
[BlackElo "2435"]

1.e4 g6 2.d4 Bg7 3.Nc3 c6 4.Be3 d5 5.Qd2 Nf6 6.e5 Ng4 7.Bf4 f6 8.exf6 Nxf6
9.Nf3 O-O 10.Bd3 Bg4 11.Ne5 Nbd7 12.h3 Bf5 13.g4 Bxd3 14.cxd3 e6 15.O-O Nxe5
16.Bxe5 Nd7 17.Bxg7 Kxg7 18.Qe3 Qf6 19.f4 Rae8 20.Ne2 Qd8 21.Kg2 Qb6 22.Qd2 Kg8
23.b4 Rf7 24.a3 Qc7 25.Qe3 Qd6 26.Rf3 Ref8 27.Raf1 Kh8 28.Ng3 a5 29.bxa5 Qxa3
30.Qd2 Qd6 31.Ne2 Kg8 32.Qb2 Qc7 33.Qd2 Nf6 34.Re3 Re7 35.Qb4 Ne8 36.Re5 Qd6
37.Qd2 Nc7 38.Ng3 Nb5 39.Qe3 Rfe8 40.Re1 Qb4 41.f5 Nxd4 42.fxg6 Nc2 43.gxh7+ Kh8
44.Qf2 Nxe1+ 45.Rxe1 Rg7 46.Re2 Rf8 47.Qe3 Qe7 48.Nh5 Rg5 49.d4 Qf7 50.Ng3 Rg6
51.Rb2 Rf6 52.h4 Rf4 53.Qe5+ Kxh7 54.Kh3 Rf3 55.h5 Qg7 56.Qxe6 R3f6 57.Qe5 R6f7
58.Qe6 Rf6 59.Qe3 R8f7 60.Qe2 Rf3 61.Qd3+ Kh8 62.Qd1 Re3 63.a6 bxa6 64.Rb8+ Rf8
65.Qg1 Rf3 66.Qg2 Rf4 67.Rxf8+ Rxf8 68.Qd2 Rf3 69.Qe2 Qf6 70.Kg2 Rf4 71.Nf5 Re4
72.Qf3 Qg5 73.Kg3 Kh7 74.Kh3 Qf4 75.Qd1 a5 76.Ng3 Re3 77.Qb1+ Kg8 78.Qg6+ Kf8
79.Kh4 Rxg3  0-1

[Event "Bodensee-Cup"]
[Site "Germany"]
[Date "1996.??.??"]
[Round "1"]
[White "Arnold, Lothar"]
[Black "Siepelt, Heiner"]
[Result "1-0"]
[WhiteElo "2385"]
[BlackElo "2350"]

1.e4 g6 2.d4 Bg7 3.Nc3 c6 4.Nf3 d5 5.h3 Nh6 6.Bf4 f6 7.exd5 cxd5 8.Nb5 Na6
9.c4 Nf7 10.cxd5 Qxd5 11.Be2 O-O 12.O-O Bd7 13.Nc3 Qa5 14.Re1 b5 15.a4 b4
16.Nb5 e6 17.Bc4 Rfe8 18.Qb3 Nd8 19.Re2 Kh8 20.Rae1 Bf8 21.Nd2 Qb6 22.Bd5 Bc6
23.Bxe6 Nxe6 24.Rxe6 Qb7 25.Rxe8 Bxe8 26.Qe6 Bf7 27.Qxf6+ Bg7 28.Qd6 Qb6
29.Qe7 Kg8 30.Nd6 Rf8 31.Be5 Bxe5 32.Qxe5 Nc7 33.N2e4 Rd8 34.Nf6+ Kf8 35.Qe7+  1-0

[Event "NRW-Liga I 9697"]
[Site "Germany"]
[Date "1996.??.??"]
[Round "2.8"]
[White "Wessendorf, Thomas"]
[Black "Nowik, Volker"]
[Result "1-0"]
[WhiteElo "2270"]
[BlackElo "2165"]

1.e4 g6 2.d4 Bg7 3.Nc3 c6 4.Bc4 d6 5.Qf3 e6 6.Nge2 Nd7 7.h4 h6 8.Be3 Qe7
9.O-O-O b5 10.Bb3 Ba6 11.Nf4 Rc8 12.Qg3 Ngf6 13.e5 dxe5 14.dxe5 Nd5 15.Ncxd5 cxd5
16.Nd3 Nb6 17.h5 g5 18.Kb1 Nc4 19.Bc1 O-O 20.f4 f6 21.Rde1 Kh8 22.exf6 Bxf6
23.fxg5 Bxg5 24.Bxc4 bxc4 25.Ne5 Qb7 26.Ng6+ Kg7 27.Nxf8 Rb8 28.Nxe6+ Kh7
29.Nxg5+ hxg5 30.Qxg5  1-0

[Event "NRW-Liga II 9697"]
[Site "Germany"]
[Date "1996.??.??"]
[Round "2.1"]
[White "Kishnev, Sergey"]
[Black "Schneider, Bernd"]
[Result "1-0"]
[WhiteElo "2485"]
[BlackElo "2415"]

1.d4 g6 2.e4 Bg7 3.Nc3 c6 4.Nf3 d5 5.h3 Nf6 6.e5 Ne4 7.Nxe4 dxe4 8.Ng5 c5
9.d5 Bxe5 10.Nxe4 Bf5 11.Ng3 Bxg3 12.fxg3 Qd6 13.Bf4 e5 14.dxe6 Qxe6+ 15.Qe2 O-O
16.Qxe6 Bxe6 17.O-O-O Nc6 18.Bd6 Rfc8 19.g4 c4 20.Be2 Rd8 21.Bf3 Rac8 22.Bh2 a6
23.a3 Kf8 24.Rd6 Ke8 25.Rhd1 Rxd6 26.Rxd6 Rd8 27.Bxc6+ bxc6 28.Rxc6 Bd5 29.Rxa6 Bxg2
30.g5 Bxh3 31.Bd6 Kd7 32.Bb4 Re8 33.Ra7+ Ke6 34.Kd2 Bf5 35.a4 h5 36.gxh6 Rh8
37.Re7+ Kd5 38.Re5+ Kc6 39.Rc5+ Kb7 40.Rxc4 Rxh6 41.Bd6 g5 42.Bg3 Rh3 43.Rc7+ Ka8
44.Rxf7 Bxc2 45.Kxc2 Rxg3 46.Rg7 g4 47.a5 Rg1 48.Kc3 Rg3+ 49.Kc4 Rg2 50.b4 g3
51.Kb5  1-0

[Event "Gleisdorf ch"]
[Site "Gleisdorf"]
[Date "1996.??.??"]
[Round "7"]
[White "Teuschler, Hugo"]
[Black "Benedikt, Alexander"]
[Result "0-1"]
[WhiteElo "2060"]
[BlackElo "1995"]

1.e4 g6 2.d4 Bg7 3.Nc3 c6 4.f4 d5 5.e5 h5 6.Nf3 Bg4 7.h3 Bxf3 8.Qxf3 Nd7
9.Be3 e6 10.O-O-O h4 11.Ne2 Ne7 12.g4 hxg3 13.Nxg3 Qa5 14.Kb1 O-O-O 15.Rd3 b5
16.Bd2 Qc7 17.Rc3 a6 18.a4 Qb7 19.axb5 axb5 20.Ra3 Nb6 21.Bb4 Kd7 22.h4 Ra8
23.Rxa8 Rxa8 24.h5 Ra4 25.Qc3 Qa7 26.b3 Ra6 27.hxg6 fxg6 28.Rh7 Bf8 29.Bd3 Nc4
30.bxc4 bxc4 31.Bxg6 Qb7 32.Kc1 Rb6 33.Bc5 Rb1+ 34.Kd2 Rg1 35.f5 Qb1 36.fxe6+ Kc8
37.Qe3 Qc1+  0-1

[Event "Goch op"]
[Site "Goch"]
[Date "1996.??.??"]
[Round "5"]
[White "Thielen, Dankward"]
[Black "Nowik, Volker"]
[Result "1/2-1/2"]
[WhiteElo "2135"]
[BlackElo "2165"]

1.e4 g6 2.d4 Bg7 3.Nc3 c6 4.Nf3 d6 5.Be3 Nf6 6.h3 Qa5 7.Bd3 Nbd7 8.O-O O-O
9.Nd2 e5 10.Nb3 Qc7 11.f4 Re8 12.dxe5 dxe5 13.f5 b5 14.a4 b4 15.Ne2 c5 16.fxg6 hxg6
17.Nd2 Nf8 18.Qe1 Ne6 19.Qh4 Nh5 20.Bc4 Nef4 21.Nxf4 exf4 22.Bxf4 Nxf4 23.Rxf4 Be6
24.Raf1 Qd8 25.Qxd8 Raxd8 26.Bxe6 Rxe6 27.Nc4 Re7 28.b3 Rd4 29.e5 Rxf4 30.Rxf4 Bxe5
31.Nxe5  1/2-1/2

[Event "Goetzis op"]
[Site "Goetzis"]
[Date "1996.??.??"]
[Round "6"]
[White "Kais, Edgar"]
[Black "Loos, Stephan"]
[Result "0-1"]
[WhiteElo "2040"]
[BlackElo "2295"]

1.e4 g6 2.d4 Bg7 3.Nc3 c6 4.g3 d5 5.e5 f6 6.Bf4 fxe5 7.Bxe5 Nf6 8.Bg2 O-O
9.h3 Nbd7 10.Nf3 Nxe5 11.Nxe5 Nd7 12.Nxd7 Bxd7 13.Ne2 Qb6 14.O-O Qxb2 15.Rb1 Qxa2
16.Rxb7 Rad8 17.Nf4 Qa6 18.Rb1 Qc4 19.Re1 Qxd4 20.Qxd4 Bxd4 21.Rxe7 Rfe8
22.Rxe8+ Rxe8 23.Rd1 Bb6 24.c4 d4 25.Nd3 c5 26.Bd5+ Kg7 27.Kg2 Be6 28.Bc6 Re7
29.Bb5 Bf5 30.g4 Be4+ 31.f3 Bb7 32.Re1 Rxe1 33.Nxe1 Kf6 34.h4 Ke5 35.Nd3+ Kd6
36.Kg3 Ba5 37.f4 Be4 38.Nf2 Be1 39.Ba4 d3 40.Bd1 d2 41.h5 gxh5 42.g5 h4+  0-1

[Event "Gran Canaria op"]
[Site "Gran Canaria"]
[Date "1996.??.??"]
[Round "?"]
[White "Zunker, Reinhard"]
[Black "Galvan, Jose Luis"]
[Result "1-0"]
[WhiteElo "2195"]
[BlackElo "2095"]

1.e4 g6 2.d4 Bg7 3.Nc3 c6 4.Be3 d5 5.Qd2 Nf6 6.e5 Ng4 7.Bf4 h5 8.f3 Nh6 9.Nge2 Na6
10.h4 e6 11.O-O-O Bd7 12.Kb1 Nf5 13.Nc1 b5 14.Nb3 Qb6 15.Be2 c5 16.dxc5 Nxc5
17.g4 Nxb3 18.axb3 Ne7 19.Ne4 Nc8 20.gxh5 Rxh5 21.Ng3 Rh8 22.h5 g5 23.h6 Rxh6
24.Rxh6 gxf4 25.Rh7 Bxe5 26.Nh5 Qd6 27.Rg1 Nb6 28.Rg4 Ke7 29.Nxf4 Bxf4 30.Rxf4 Be8
31.Rfxf7+ Bxf7 32.Qg5+ Kd7 33.Bxb5+ Kc8 34.Rxf7 Kb8 35.Ba6 Nd7 36.Qd8+  1-0

[Event "Graz op"]
[Site "Graz"]
[Date "1996.??.??"]
[Round "?"]
[White "Mohr, Georg"]
[Black "Fahrner, Kurt"]
[Result "0-1"]
[WhiteElo "2495"]
[BlackElo "2275"]

1.e4 g6 2.d4 Bg7 3.Nc3 c6 4.Bc4 d6 5.Nf3 Nf6 6.Bb3 O-O 7.h3 Qc7 8.Bf4 Nbd7
9.O-O e5 10.Bh2 Bh6 11.Qd3 Nh5 12.Ne2 g5 13.dxe5 dxe5 14.Ng3 Nf4 15.Qc3 Re8
16.Rfe1 Qd8 17.Rad1 Qf6 18.Nf5 Bf8 19.h4 h6 20.hxg5 hxg5 21.Re3 Nc5 22.Bc4 b5
23.Nxg5 bxc4 24.Bxf4 Na4 25.Rg3 Nxc3 26.Ne6+ Qg6  0-1

[Event "Graz op"]
[Site "Graz"]
[Date "1996.??.??"]
[Round "?"]
[White "Balinov, Ilija"]
[Black "Mohr, Georg"]
[Result "1-0"]
[WhiteElo "2360"]
[BlackElo "2495"]

1.e4 g6 2.d4 Bg7 3.Nc3 c6 4.Bc4 e6 5.Be3 d5 6.Bb3 Nf6 7.e5 Nfd7 8.Nce2 c5
9.c3 cxd4 10.cxd4 Nc6 11.h4 h5 12.Nf3 Nb6 13.Bg5 Ne7 14.O-O Bd7 15.a4 Bc6
16.Nf4 Qc7 17.Bc2 a5 18.b3 Nbc8 19.Rc1 Qb6 20.Re1 Qc7 21.Re3 Kf8 22.Rc3 Qd7
23.Bd3 Kg8 24.Qd2 Qe8 25.Rc5 Qd8 26.Bxg6 fxg6 27.Nxe6 Qd7 28.Nxg7 Rh7 29.e6 Qd8
30.Nf5 gxf5 31.Bf6 Qe8 32.Ne5 Ng6 33.Qg5 Rg7 34.Bxg7 Kxg7 35.Rxc6 bxc6 36.Rxc6 Ne7
37.Rc7 Rc8 38.Rxe7+ Qxe7 39.Qxg6+ Kf8 40.Nd7+  1-0

[Event "Greenhills op"]
[Site "Greenhills"]
[Date "1996.??.??"]
[Round "7"]
[White "Nolte, Rolando"]
[Black "Ranola, Yves"]
[Result "1/2-1/2"]
[WhiteElo "2355"]
[BlackElo "2325"]

1.e4 g6 2.d4 Bg7 3.Nc3 c6 4.Bc4 d6 5.Qf3 e6 6.Nge2 Qe7 7.Bb3 e5 8.Bg5 Nf6
9.O-O Nbd7 10.Rad1 h6 11.Bh4 Nf8 12.Qe3 g5 13.Bg3 Ng6 14.dxe5 dxe5 15.f3 O-O
16.Bf2 Re8 17.Ng3 Nh4 18.h3 Be6 19.Bxe6 Qxe6 20.Qe2 Bf8 21.a3 Be7 22.Rd2 Nh7
23.Nd1 Nf8 24.Ne3 Nfg6 25.Ngf5 Nf4 26.Qd1 Rad8 27.Bxh4 gxh4 28.Rxd8 Rxd8
29.Qe1 Kh7 30.Kh2 Ng6 31.Qf2 Bg5 32.b3 h5 33.Rd1 Qf6 34.Rxd8 Qxd8 35.Qe2 Bf4+
36.Kg1 Kg8 37.Kf1 Bg3 38.Qd3 Qxd3+ 39.cxd3 Nf4 40.d4 exd4 41.Nxd4 Ne6 42.Ndf5 Bf4
43.Nc4  1/2-1/2

[Event "Koop Tjuchem op"]
[Site "Groningen"]
[Date "1996.??.??"]
[Round "9"]
[White "Wang Zili"]
[Black "Finkel, Alexander"]
[Result "1/2-1/2"]
[WhiteElo "2535"]
[BlackElo "2505"]

1.e4 g6 2.d4 Bg7 3.Nc3 c6 4.Bc4 d6 5.Qf3 Nf6 6.h3 O-O 7.Bb3 Nbd7 8.Nge2 b5
9.a3 Bb7 10.O-O c5 11.Be3 a6 12.Rad1 Rc8 13.Bg5 h6 14.Bh4 b4 15.Bxf6 Nxf6
16.axb4 cxb4 17.Nd5 Nxd5 18.exd5 Qb6 19.Rfe1 Rc7 20.h4 Qb5 21.Qd3 Qxd3 22.Rxd3 a5
23.Rd2 h5 24.Ra1 Ra8 25.c3 a4 26.Rxa4 Rxa4 27.Bxa4 bxc3 28.bxc3 Bxd5 29.Bb5 Bf6
30.g3 Bf3 31.Kf1 d5 32.Rd3 Be4 33.Re3 Bc2 34.Ke1 Ra7 35.Nc1 Bf5 36.Bd3 Ra1
37.Kd2 Bxd3  1/2-1/2

[Event "Haarlem op"]
[Site "Haarlem"]
[Date "1996.??.??"]
[Round "5"]
[White "Peng, Zhaoqin"]
[Black "Hartoch, Robert G"]
[Result "1/2-1/2"]
[WhiteElo "2410"]
[BlackElo "2295"]

1.d4 g6 2.e4 Bg7 3.Nc3 c6 4.Nf3 d6 5.Be2 Nf6 6.O-O O-O 7.a4 Qc7 8.Bf4 Nh5
9.Be3 Bg4 10.h3 Bxf3 11.Bxf3 Nf6 12.Qd3 a5 13.Qc4 Na6 14.Rfd1 Nd7 15.Bg4 e6
16.Be2 d5 17.Qd3 f5 18.e5 f4 19.Bc1 Nb4 20.Qd2 Nb6 21.b3 Qf7 22.Nb1 Nd7 23.c3 Na6
24.Na3 Bh6 25.Bg4 Bg5 26.Nc2 Nc7 27.Ba3 Be7 28.Bxe7 Qxe7 29.Ne1 Ne8 30.Nd3 g5
31.c4 Ng7 32.cxd5 exd5 33.Rab1 h5 34.Bxd7 Qxd7 35.b4 Ne6 36.Nc5 Nxc5 37.bxc5 Rf7
38.Rb3 Qe6 39.Rdb1 Ra7 40.f3 Qf5 41.Qe2 Re7 42.Rb6 Kf7 43.R1b3 Ke8 44.Qb2 Qf7
45.Kf2 Kd8 46.Ke1 Kc8 47.Kd1 Qf5 48.Qd2 Rg7 49.Kc1 Kd8 50.Kb2  1/2-1/2

[Event "Hafnarfjordur op"]
[Site "Hafnarfjordur"]
[Date "1996.??.??"]
[Round "6"]
[White "Gunnarsson, Jon Viktor"]
[Black "Leosson, Torfi"]
[Result "1-0"]
[WhiteElo "2250"]
[BlackElo "2170"]

1.e4 g6 2.d4 Bg7 3.Nc3 c6 4.Be3 d6 5.Qd2 Nd7 6.O-O-O b5 7.f3 Qa5 8.Kb1 Nb6
9.Bd3 a6 10.g4 Rb8 11.b3 Bd7 12.Qe1 c5 13.Bd2 b4 14.Nce2 Bb5 15.c4 bxc3 16.Bxc3 Bxd3+
17.Rxd3 Qb5 18.Rd1 Na4 19.Kc2 Nxc3 20.Nxc3 Qa5 21.dxc5 Rc8 22.Na4 Qxe1 23.Rxe1 dxc5
24.Kd3 e6 25.Rc1 Rd8+ 26.Ke2 Bh6 27.Rc2 Bf8 28.Nh3 Nf6 29.Nxc5 Rc8 30.Rhc1 Bxc5
31.Rxc5 Rxc5 32.Rxc5 Kd7 33.Nf4 Ra8 34.Nd3 Ne8 35.g5 Kd6 36.b4 Rb8 37.a3 Nc7
38.Ne5 Rb6 39.Nc4+  1-0

[Event "GER-ch U20 Girls"]
[Site "Halle"]
[Date "1996.??.??"]
[Round "10"]
[White "Heymann, Ulrike"]
[Black "Glaser, Andrea"]
[Result "1-0"]
[WhiteElo "2125"]
[BlackElo "2065"]

1.e4 g6 2.d4 Bg7 3.Nc3 c6 4.f4 d5 5.e5 h5 6.Be3 Nh6 7.Nf3 Bg4 8.h3 Bxf3 9.Qxf3 h4
10.Bd3 e6 11.O-O Nd7 12.Ne2 Bf8 13.Bf2 Be7 14.b3 Kf8 15.c4 Kg7 16.Rfc1 Nb6
17.c5 Nd7 18.b4 a6 19.a4 Qc7 20.Ra3 Nf5 21.Rca1 b6 22.Rb3 a5 23.Bxf5 exf5
24.b5 bxc5 25.dxc5 Bxc5 26.Bxc5 Nxc5 27.Rc3 Qa7 28.Qf2 Ne6 29.Qxa7 Rxa7 30.Rxc6 Rd8
31.Rd1 d4 32.Rd6 Rad7 33.Nxd4 Nxd4 34.R1xd4 Rxd6 35.Rxd6 Rc8 36.Ra6 Rc1+
37.Kh2 Rc4 38.Rxa5 Rxf4 39.b6 Rb4 40.Rb5 Rxa4 41.b7  1-0

[Event "Hamburg HSK"]
[Site "Hamburg"]
[Date "1996.??.??"]
[Round "1"]
[White "Reeh, Oliver"]
[Black "Fries Nielsen, Jens Ove"]
[Result "1/2-1/2"]
[WhiteElo "2420"]
[BlackElo "2425"]

1.e4 g6 2.d4 Bg7 3.Nc3 c6 4.Nf3 d5 5.Bf4 Nf6 6.e5 Nh5 7.Be3 Qb6 8.Rb1 O-O
9.Be2 f6 10.O-O Qc7 11.exf6 exf6 12.Re1 Nf4 13.Bf1 Nd7 14.g3 Ne6 15.Ne2 Re8
16.Nf4 Nb6 17.b3 Nf8 18.Nd3  1/2-1/2

[Event "Union de Reyes"]
[Site "Havana"]
[Date "1996.??.??"]
[Round "4"]
[White "Lopez, C."]
[Black "Perez, R."]
[Result "1-0"]
[WhiteElo "2370"]
[BlackElo "2405"]

1.e4 g6 2.d4 Bg7 3.Nc3 c6 4.f4 d5 5.e5 h5 6.Nf3 Bg4 7.h3 Bxf3 8.Qxf3 e6 9.Be3 h4
10.O-O-O Nh6 11.Bd3 Nf5 12.Bf2 Nd7 13.Kb1 Qb6 14.Ne2 Bf8 15.c4 Ba3 16.Rd2 Be7
17.cxd5 cxd5 18.Rc2 Nb8 19.Rc8+ Bd8 20.Bxf5 gxf5 21.Rhc1 Qb5 22.g4 hxg3 23.Nxg3 Rxh3
24.Qg2 Rh8 25.Nh5  1-0

[Event "Helsinki-ch "]
[Site "Helsinki"]
[Date "1996.??.??"]
[Round "?"]
[White "Agopov, Mikael"]
[Black "Hartikainen, Markku"]
[Result "1-0"]
[WhiteElo "2230"]
[BlackElo "2290"]

1.e4 c6 2.d4 g6 3.Nc3 Bg7 4.Be2 Nf6 5.h3 O-O 6.Nf3 d5 7.e5 Ne4 8.O-O Nxc3
9.bxc3 c5 10.Ba3 cxd4 11.cxd4 Nc6 12.Qd2 Qc7 13.Rac1 Nd8 14.c4 dxc4 15.Rxc4 Qd7
16.d5 b5 17.Rc5 a6 18.Rfc1 Bb7 19.d6 exd6 20.Rc7 Qf5 21.exd6 Kh8 22.d7 Rg8
23.Be7 Qe4 24.Qe3 Qd5 25.Bxd8 Raxd8 26.R1c5 Qxa2 27.Rxb7 Qb1+ 28.Bf1 b4 29.Ng5 Rgf8
30.Qe7 Kg8 31.Rc8  1-0

[Event "ROM-chT"]
[Site "Herculane"]
[Date "1996.??.??"]
[Round "?"]
[White "Vasiesiu, Dan"]
[Black "Iordachescu, Viorel"]
[Result "0-1"]
[WhiteElo "2425"]
[BlackElo "2460"]

1.e4 g6 2.d4 Bg7 3.Nc3 c6 4.f4 d5 5.e5 Nh6 6.Be2 f6 7.Nf3 Bg4 8.Nh4 Bxe2
9.Qxe2 e6 10.Nf3 O-O 11.O-O Nd7 12.Bd2 fxe5 13.fxe5 c5 14.dxc5 Nxc5 15.Kh1 Nf7
16.Rad1 Qe7 17.Be3 Rac8 18.Bd4 a6 19.Bf2 Nd7 20.Bg3 Nb6 21.Rde1 Rc4 22.Qd3 Rg4
23.Nd1 Nd7 24.Nf2 Rc4 25.b3 Rcc8 26.Ng4 Nc5 27.Qe3 Ne4 28.Bh4 g5 29.Nf6+ Bxf6
30.exf6 Qc5 31.Nxg5 Qxe3 32.Rxe3 Nfxg5 33.Bxg5 Rxc2 34.Bh4 Kf7 35.Be1 Rc1
36.g4 h6 37.h4 Rg8 38.Rg1 Rxg4  0-1

[Event "ROM-chT"]
[Site "Herculane"]
[Date "1996.??.??"]
[Round "?"]
[White "Moldovan, Daniel"]
[Black "Dragomirescu, Calin"]
[Result "1/2-1/2"]
[WhiteElo "2400"]
[BlackElo "2205"]

1.e4 g6 2.d4 Bg7 3.Nc3 c6 4.Be3 d6 5.g3 b5 6.a3 Nd7 7.Bg2 Nb6 8.Nge2 Nf6
9.h3 O-O 10.O-O Nc4 11.Bc1 Rb8 12.b3 Nb6 13.Be3 a5 14.Qd2 a4 15.Rfd1 axb3
16.cxb3 Bd7 17.Kh2 Re8 18.Bg5 e5 19.dxe5 dxe5 20.a4 bxa4 21.Nxa4 Nxa4 22.bxa4 Be6
23.Qxd8 Rexd8 24.Rxd8+ Rxd8 25.Nc3 Ra8 26.Bf1 Nd7  1/2-1/2

[Event "ROM-chT"]
[Site "Herculane"]
[Date "1996.??.??"]
[Round "?"]
[White "Marin Ionescu, Luiza"]
[Black "Manu, Alina"]
[Result "1-0"]
[WhiteElo "2240"]
[BlackElo "2060"]

1.e4 g6 2.d4 Bg7 3.Nc3 c6 4.Be3 Qb6 5.Rb1 d6 6.Bc4 Nf6 7.Nf3 Qc7 8.O-O O-O
9.h3 Nbd7 10.Qd2 b5 11.Bd3 a6 12.Rfe1 e5 13.dxe5 dxe5 14.b4 Re8 15.a4 Bb7
16.Qe2 Bf8 17.Rb3 a5 18.bxa5 b4 19.a6 Bxa6 20.Bxa6 bxc3 21.Rb7 Qa5 22.Bc4 Qxa4
23.Ng5 Re7 24.Rd1 h6 25.Nxf7 Kh7 26.Nd6 Qa3 27.Qf3 Bg7 28.Bf7 Rxf7 29.Nxf7 Rf8
30.Rdxd7 Nxd7 31.Rxd7  1-0

[Event "ROM-ch"]
[Site "Herculane"]
[Date "1996.??.??"]
[Round "10"]
[White "Vajda, Levente"]
[Black "Bogdan, Dan"]
[Result "1/2-1/2"]
[WhiteElo "2370"]
[BlackElo "2395"]

1.e4 g6 2.d4 Bg7 3.Nc3 c6 4.g3 d5 5.e5 h5 6.h3 Nh6 7.Bg2 c5 8.dxc5 d4 9.Nce2 Nf5
10.Nf3 Nc6 11.g4 hxg4 12.hxg4 Rxh1+ 13.Bxh1 Nh6 14.Bxh6 Bxh6 15.Nexd4 Bxg4
16.Nxc6 bxc6 17.Qd4 Bxf3 18.Qxd8+ Kxd8 19.Bxf3 Kc7 20.e6 fxe6 21.c3 Rf8 22.Be4 g5
23.Rd1 Bg7 24.Rd3 g4 25.Bg6 Bf6 26.Bh5 Bh4 27.Bxg4 Rf4 28.Bh3 Rxf2  1/2-1/2

[Event "Hlohovec op"]
[Site "Hlohovec"]
[Date "1996.??.??"]
[Round "2"]
[White "Berelovich, Aleksandar"]
[Black "Karlik, Vladimir"]
[Result "1-0"]
[WhiteElo "2505"]
[BlackElo "2275"]

1.e4 g6 2.d4 Bg7 3.Nc3 c6 4.f4 d5 5.e5 Nh6 6.Be3 O-O 7.Qd2 Ng4 8.h3 Nxe3
9.Qxe3 f6 10.Nf3 b6 11.O-O-O a5 12.g4 Bh6 13.g5 Bg7 14.Bd3 Ba6 15.Bxa6 Rxa6
16.h4 fxe5 17.Nxe5 Qc8 18.h5 Qf5 19.hxg6 hxg6 20.Kb1 Ra7 21.Qg3 e6 22.Qh4 Bxe5
23.fxe5 Rg7 24.Ne2 Qf2 25.Ng3 Qf4 26.Qh6  1-0

[Event "Hlohovec op"]
[Site "Hlohovec"]
[Date "1996.??.??"]
[Round "6"]
[White "Jurcisin, Imrich"]
[Black "Karlik, Vladimir"]
[Result "0-1"]
[WhiteElo "2125"]
[BlackElo "2275"]

1.e4 g6 2.d4 Bg7 3.Nc3 c6 4.Bc4 d6 5.Nf3 Nf6 6.Bf4 b5 7.Bd3 O-O 8.Qd2 Bg4
9.Qe3 Bxf3 10.Qxf3 Nfd7 11.Ne2 e5 12.Be3 exd4 13.Bxd4 Ne5 14.Bxe5 Bxe5 15.c3 Nd7
16.O-O Qb6 17.Qh3 Rad8 18.Kh1 a5 19.f4 Bg7 20.Rad1 Qc5 21.Bb1 b4 22.e5 Nb6
23.cxb4 Qxb4 24.Nd4 dxe5 25.Nxc6 Rxd1 26.Rxd1 Qc5 27.Nxe5 Bxe5 28.fxe5 Qxe5
29.b3 Re8 30.Qf3 Nd5 31.Rf1 Re7 32.Bd3 Ne3 33.Re1 Qc3 34.Qe2 Nd5 35.Be4 Nf6
36.Qd1 Rxe4  0-1

[Event "Hessen-ch"]
[Site "Hofbieber"]
[Date "1996.??.??"]
[Round "7"]
[White "Zude, Erik"]
[Black "Alber, Horst"]
[Result "1-0"]
[WhiteElo "2325"]
[BlackElo "2260"]

1.e4 g6 2.d4 Bg7 3.Nc3 c6 4.Nf3 d6 5.Bc4 Nf6 6.Bb3 O-O 7.O-O Bg4 8.h3 Bxf3
9.Qxf3 e5 10.dxe5 dxe5 11.Bg5 h6 12.Rad1 Qe7 13.Be3 Na6 14.Rd3 Nc5 15.Bxc5 Qxc5
16.Rfd1 Qe7 17.Qg3 Kh7 18.Qe3 Rfc8 19.a4 Rc7 20.a5 Rd7 21.Rxd7 Nxd7 22.Na4 Bf8
23.Qd3 Nf6 24.Qc4 Rc8 25.Qxf7+ Qxf7 26.Bxf7 Rc7 27.Bb3 Nxe4 28.c3 Nc5 29.Nxc5 Bxc5
30.Bc2 Be7 31.h4 Kg7 32.g3 Bc5 33.Rd2 Be7 34.Kg2 Kf6 35.Kf3 c5 36.c4 h5 37.Be4 g5
38.Rd3 gxh4 39.gxh4 Kg7 40.Kg3 Bf6 41.Kh3 Rf7 42.Bd5 Rd7 43.Rg3+ Kh7 44.Be4+ Kh8
45.Rg6 Rd4 46.f3 Bd8 47.Rh6+ Kg7 48.Rh7+ Kf6 49.b3 Bxa5 50.Rh6+ Kg7 51.Rxh5 Rd2
52.Rxe5 b6 53.Re6 Rb2 54.h5 Rxb3 55.Kg4 Bc3 56.h6+ Kf7 57.Bd5 Kf8 58.Re3 a5
59.h7 Kg7 60.Re7+ Kh8 61.Be4  1-0

[Event "NLD-chT9697"]
[Site "Holland"]
[Date "1996.??.??"]
[Round "?"]
[White "Lemmers, Oscar"]
[Black "Carlier, Bruno"]
[Result "1-0"]
[WhiteElo "2360"]
[BlackElo "2380"]

1.e4 g6 2.d4 Bg7 3.Nc3 c6 4.f4 d5 5.e5 Nh6 6.Nf3 Bg4 7.h3 Bxf3 8.Qxf3 Qb6
9.Ne2 f6 10.g4 fxe5 11.fxe5 Nf7 12.Bg2 Rf8 13.Qb3 Qxb3 14.axb3 Na6 15.c3 e6
16.b4 Kd7 17.h4 Nh6 18.Bh3 Rf3 19.g5 Nf5 20.Bg4 Rd3 21.Bxf5 exf5 22.Kf2 Nxb4
23.cxb4 Rb3 24.Bd2 Rxb2 25.Bc3 Rb3 26.Rh3 Bf8 27.Nc1  1-0

[Event "NLD-chT9697"]
[Site "Holland"]
[Date "1996.??.??"]
[Round "?"]
[White "Blees, Albert"]
[Black "Hommeles, Theo"]
[Result "0-1"]
[WhiteElo "2405"]
[BlackElo "2280"]

1.e4 g6 2.d4 Bg7 3.Nc3 c6 4.h3 d6 5.Nf3 Nf6 6.Be3 O-O 7.a4 Nbd7 8.a5 e5 9.dxe5 dxe5
10.Qd6 Ne8 11.Qa3 Nc7 12.Bc4 b5 13.Bb3 Ne8 14.Bg5 Bf6 15.h4 Rb8 16.Rd1 b4
17.Qa2 bxc3 18.Nxe5 Qe7 19.Nxd7 Bxd7 20.O-O cxb2 21.Qxb2 Be6 22.Qc3 Bxg5
23.hxg5 Bxb3 24.cxb3 Qxg5 25.Rd7 a6 26.e5 Ng7 27.Qxc6 Qxe5 28.Qxa6 Rxb3 29.Rfd1 Rb5
30.Rd8 Ne6 31.Ra8 Kg7 32.Ra7 Rd8 33.Rc1 Rdd5 34.Qc8 Rbc5  0-1

[Event "NLD-chT9697"]
[Site "Holland"]
[Date "1996.??.??"]
[Round "?"]
[White "De Saegher, Chris"]
[Black "Hartoch, Robert G"]
[Result "1/2-1/2"]
[WhiteElo "2205"]
[BlackElo "2295"]

1.d4 g6 2.e4 Bg7 3.Nc3 c6 4.Bc4 d6 5.Qf3 e6 6.Nge2 Nf6 7.Bf4 d5 8.Bb3 dxe4
9.Nxe4 Nxe4 10.Qxe4 Nd7 11.Rd1 O-O 12.O-O a5 13.Nc3 Nf6 14.Qf3 Nd5 15.Be5 Nxc3
16.Qxc3 a4 17.Bc4 Qa5 18.Qxa5 Rxa5 19.Bxg7 Kxg7 20.a3 Rd8 21.c3 b6 22.Rfe1 Ba6
23.Bxa6 Rxa6 24.Kf1 Ra5 25.Rd2 Rad5 26.Rc2 Kf6 27.Re4 Ke7 28.g3 R8d7 29.h4 h5
30.Rce2 Kd6 31.Rc2 Kc7 32.Ke2 b5 33.c4 bxc4 34.Rxc4 Rb5 35.Rxa4 Rxb2+ 36.Ke3 Kd6
37.Kf3 Rdb7 38.Re2 R7b3+ 39.Re3 Rb5 40.Kg2 Rb7 41.Rc4 Ra7 42.Rec3 Ra6 43.Kf3 Ra2
44.Ke3 Kd7 45.Rc5  1/2-1/2

[Event "NLD-chT9697"]
[Site "Holland"]
[Date "1996.??.??"]
[Round "?"]
[White "Van Rijn, Wouter"]
[Black "Hennig, Dirk"]
[Result "1/2-1/2"]
[WhiteElo "2120"]
[BlackElo "2355"]

1.e4 g6 2.d4 Bg7 3.Nc3 c6 4.Be3 d5 5.Qd2 Nf6 6.f3 dxe4 7.Nxe4 Nbd7 8.O-O-O O-O
9.Bc4 b5 10.Bb3 a5 11.a3 Nb6 12.Bh6 Nc4 13.Bxc4 bxc4 14.Nxf6+ exf6 15.Ne2 Rb8
16.Bxg7 Kxg7 17.d5 cxd5 18.Qxd5 Qc7 19.Qd4 Be6 20.g4 Qe5 21.Nf4 Rfd8 22.Qxe5 fxe5
23.Nxe6+ fxe6 24.Rxd8 Rxd8 25.Re1 Kf6 26.Re3 h5 27.h3 Rd5 28.Re4 Rd4 29.Rxd4 exd4
30.b4 axb4 31.axb4 e5 32.c3 hxg4 33.hxg4 g5 34.cxd4 exd4 35.Kd2 Ke5 36.b5 Kd5
37.f4 gxf4 38.g5 c3+ 39.Kc2 f3 40.g6 f2 41.g7 f1=Q 42.g8=Q+ Kc5 43.Qg5+ Kc4
44.Qg8+ Kb4 45.Qb3+ Kc5 46.Qa3+ Kd5 47.Qa8+ Kc5 48.Qc6+ Kb4 49.Qd6+ Kxb5  1/2-1/2

[Event "NLD-chT9697"]
[Site "Holland"]
[Date "1996.??.??"]
[Round "?"]
[White "Van Rijn, Wouter"]
[Black "Carlier, Bruno"]
[Result "0-1"]
[WhiteElo "2120"]
[BlackElo "2380"]

1.e4 g6 2.d4 Bg7 3.Nc3 c6 4.Be3 d6 5.Qd2 b5 6.Bd3 Nd7 7.Nge2 Bb7 8.O-O Ngf6
9.h3 O-O 10.f4 b4 11.Nd1 c5 12.Nf2 a5 13.c4 cxd4 14.Bxd4 e5 15.fxe5 dxe5
16.Be3 Qe7 17.Bg5 Qd6 18.Qe3 Nc5 19.Rad1 Qc6 20.Ng3 Nfd7 21.Bh6 f5 22.Qg5 f4
23.Ng4 Ne6 24.Qe7 Rae8  0-1

[Event "HUN-chT2 9596"]
[Site "HUN"]
[Date "1996.??.??"]
[Round "8"]
[White "Emodi, Gyula"]
[Black "Ezsol, Miklos"]
[Result "1/2-1/2"]
[WhiteElo "2410"]
[BlackElo "2295"]

1.e4 c6 2.d4 g6 3.Nc3 Bg7 4.Bc4 b5 5.Bb3 b4 6.Qf3 Nf6 7.Nce2 d5 8.e5 Nfd7
9.h4 e6 10.h5 a5 11.c3 Ba6 12.hxg6 hxg6 13.Rxh8+ Bxh8 14.Qh3 Bg7 15.Qh7 Bf8
16.Nf4 Qe7 17.Bc2 Kd8 18.Nf3 bxc3 19.bxc3 Kc8 20.Nh3 c5 21.Ba3 Nc6 22.Nhg5 Nd8
23.Qh8 Rb8 24.Nh7 Nb7 25.Nxf8 Nxf8 26.Qg7 Nd7 27.Bxg6 Nd8 28.Bc2 Qe8 29.Ba4 Bb5
30.Bxb5 Rxb5 31.dxc5 Nxc5 32.Nd4 Nd3+ 33.Ke2 Nf4+ 34.Kf3 Ng6 35.Kg3 Rb7 36.Rc1 Qa4
37.Bd6 Qc4 38.f4 Qd3+ 39.Kh2 Qd2 40.Rf1 Qxc3 41.Nb3 Rxb3 42.axb3 Qe3 43.Qf6 d4
44.Qg5 Kd7 45.Qg3 Qd2 46.Qf3 Nc6 47.f5 Ngxe5 48.Bxe5 Nxe5 49.Qe4 Qe3 50.Qxe3 Ng4+
51.Kg3 Nxe3 52.fxe6+ fxe6 53.Ra1 Kc6 54.Rxa5 d3 55.Ra6+ Kc5 56.Ra2 d2 57.Rxd2 Nf1+
58.Kf4 Nxd2 59.Ke5 Nxb3 60.g4 Nd4 61.g5 Nf3+ 62.Kxe6 Nxg5+  1/2-1/2

[Event "HUN-chT2 9596"]
[Site "HUN"]
[Date "1996.??.??"]
[Round "9"]
[White "Veroci, Zsuzsa"]
[Black "Horvath, Csaba"]
[Result "1/2-1/2"]
[WhiteElo "2305"]
[BlackElo "2500"]

1.e4 g6 2.d4 Bg7 3.Nc3 c6 4.Nf3 d6 5.a4 Nf6 6.h3 O-O 7.Be3 Qc7 8.a5 Rd8 9.Be2 d5
10.e5 Ne4 11.O-O Nxc3 12.bxc3 c5 13.Qd2 Nc6 14.Bf4 Be6 15.a6 b6 16.Ng5 Qd7
17.Nxe6 fxe6  1/2-1/2

[Event "HUN-chT1 9596"]
[Site "HUN"]
[Date "1996.??.??"]
[Round "13"]
[White "Portisch, Gabor"]
[Black "Kun, Sandor"]
[Result "1-0"]
[WhiteElo "2265"]
[BlackElo "2245"]

1.d4 g6 2.e4 Bg7 3.Nc3 c6 4.Be2 d6 5.f4 Qb6 6.e5 h5 7.Nf3 Nh6 8.O-O Bf5 9.Na4 Qc7
10.c4 Nd7 11.Nc3 O-O 12.Nh4 Rad8 13.Qe1 e6 14.Be3 a6 15.Qf2 b5 16.cxb5 cxb5
17.Rfc1 Qb8 18.h3 Nb6 19.Bf3 Nc4 20.Ne4 Bxe4 21.Bxe4 Nf5 22.Bxf5 exf5 23.Re1 Nxe3
24.Qxe3 Rfe8 25.Nf3 Qb6 26.Rac1 a5 27.Kh2 a4 28.Qc3 dxe5 29.dxe5 Bh6 30.Qb4 Bf8
31.Qc3 Rc8 32.Qxc8 Rxc8 33.Rxc8 Kg7 34.Rd1 Be7 35.Rd7 Qe3 36.Rxe7 Qxf4+ 37.Kh1 g5
38.Ree8 f6 39.Re7+ Kg6 40.Rc6  1-0